| Tag |
First Indicator |
Second Indicator |
Subfields |
| LEADER |
00000cam a2200000 4500 |
| 001 |
in00000162321 |
| 005 |
20151008072743.0 |
| 008 |
751223s1946 mdu b 00000 eng d |
| 010 |
|
|
|a 47005427
|
| 035 |
|
|
|a (OCoLC)01903532
|
| 035 |
|
|
|9 AAS6992AM
|
| 040 |
|
|
|a DLC
|c FHM
|d TXA
|d UtOrBLW
|
| 049 |
|
|
|a TXAM
|c [235406]
|
| 050 |
0 |
0 |
|a PA2133
|b .K4
|
| 082 |
0 |
|
|a 475.1
|
| 100 |
1 |
|
|a Kent, Roland G.
|q (Roland Grubb),
|d 1877-1952.
|
| 245 |
1 |
4 |
|a The forms of Latin :
|b a descriptive and historical morphology.
|
| 264 |
|
1 |
|a Baltimore,
|b [publisher not identified] ;
|c 1946.
|
| 300 |
|
|
|a 162 pages ;
|c 26 cm.
|
| 336 |
|
|
|a text
|b txt
|2 rdacontent
|
| 337 |
|
|
|a unmediated
|b n
|2 rdamedia
|
| 338 |
|
|
|a volume
|b nc
|2 rdacarrier
|
| 490 |
1 |
|
|a Special publications of the Linguistic Society of America
|
| 500 |
|
|
|a "A companion volume to The sounds of Latin, which first appeared in 1932."
|
| 504 |
|
|
|a Bibliography: page 9.
|
| 650 |
|
0 |
|a Latin language
|x Inflection.
|
| 650 |
|
0 |
|a Latin language
|x Word formation.
|
| 830 |
|
0 |
|a Special publications of the Linguistic Society of America.
|
| 999 |
|
|
|a MARS
|
| 999 |
f |
f |
|s ba927b93-1353-3b07-989f-e11dd4d552b9
|i 89155cdc-3e44-32b4-b409-056d4c62b005
|t 0
|
| 952 |
f |
f |
|p ric
|a Texas A&M University
|b Rellis Campus
|c Joint Library Facility
|d Remote Storage
|t 0
|e PA2133 .K4
|h Library of Congress classification
|i unmediated -- volume
|m A14803541743
|
| 998 |
f |
f |
|a PA2133 .K4
|t 0
|l Remote Storage
|